| 000 | 00326nam a2200109Ia 4500 | ||
|---|---|---|---|
| 008 | 230907s9999||||xx |||||||||||||| ||und|| | ||
| 082 |
_a333.79 _bHAN |
||
| 100 |
_aHansen, Shirley J. _9115790 |
||
| 245 |
_aEscos around the world: lessons learned in 49 countries / _cShirley J. Hansen. |
||
| 260 | _c2019-09-27 | ||
| 942 |
_2ddc _cEB |
||
| 999 |
_c599628 _d599628 |
||